Un 'Incunable' de la Arqueología española: Carta Arqueológica de Migjorn Gran (Menorca), 1817-1966 / por J. Mascaró Pasarius Carta Arqueológica de Migjorn Gran (Menorca), 1817-1966 / por J. Mascaró Pasarius
Descripción Física:
p. 65-106 : il., amb làm. ; 27 cm
Colección:
Monografías ; 25
MARC
| LEADER | 00000nam a2200000Ia 4500 | ||
|---|---|---|---|
| 001 | 7780 | ||
| 008 | 160829s1966 xx 000 0 cat d | ||
| 080 | |a FU-21-15 | ||
| 100 | |a Mascaró Pasarius, Josep |9 32295 | ||
| 245 | |a Un 'Incunable' de la Arqueología española: |b Carta Arqueológica de Migjorn Gran (Menorca), 1817-1966 / por J. Mascaró Pasarius | ||
| 260 | |a Barcelona : |b Diputación de Barcelona. Instituto de Prehistoria y Arqueología, |c 1966 | ||
| 300 | |a p. 65-106 : |b il., amb làm. ; |c 27 cm | ||
| 490 | |a Monografías ; 25 | ||
| 590 | |a Separata d'Ampurias ; 28 | ||
| 650 | |a Menorca |x Arqueologia |9 34013 | ||
| 650 | |a Megàlits |x Menorca |9 32297 | ||
| 650 | |a Dòlmens |x Menorca |9 34012 | ||
| 710 | 2 | |a Instituto de Prehistoria y Arqueología (Barcelona, Catalunya) |9 54255 | |
| 901 | |a Arxiu | ||
| 942 | |n 1 |2 udc | ||
| 952 | |0 0 |1 0 |4 0 |6 FU2115 |7 1 |9 45937 |a Arxiu |b Arxiu |d 2016-12-01 |l 0 |o FU-21-15 |p 7780 |r 2016-12-01 00:00:00 |w 2016-12-01 |y ARXIU | ||
| 999 | |c 49438 |d 49438 | ||